000 00836nmm a2200265 a 4500
001 ocm0001411545
003 TR-IsHL
005 20201028163837.0
008 160220s2015 tu tur
007 cr cn
020 _a9786051311678
035 _a1411545
_b(N$T)
050 0 4 _aPL248.K38
_bM38 2015
090 0 4 _aPL248.K38
_bM38 2015
100 1 _aKavaklı, Ali Erkan
245 1 0 _aMatarama kan doldu
_h[electronic resource] /
_cAli Erkan Kavaklı
260 _aİstanbul :
_bNesil Yayınları,
_c2015
300 _a289 p.
650 4 _aDil ve Edebiyat
650 4 _aLanguage and Literature
650 0 _aTürk romanı
650 0 _aTurkish fiction
650 7 _aLITERARY COLLECTIONS / Middle Eastern
_2bisacsh
856 4 0 _uhttp://search.ebscohost.com/login.aspx?direct=true&scope=site&db=e011xww&AN=1411545
999 _c15456
_d15456